Geographie nach Buchstaben - F - Statistiken

Allgemein
  • Dieses Quiz wurde 370 mal gespielt
  • Das Durchschnittsergebnis liegt bei 12 aus 20
Antwortstatistiken
Hinweis Antwort % Korrekt
Währung der Schweiz Franken
97%
An Main und Oder Frankfurt
97%
Enge, tiefe Bucht, häufig in Norwegen Fjord
92%
Pazifischer Inselstaat Fidschi
90%
Hauptstadt der Toskana Florenz
90%
Zu seinen Regionen gehören Lappland und Åland Finnland
88%
Japans höchster Berg Fuji
84%
Stadt in der Nähe des Schwarzwaldes Freiburg
81%
Von Großbritannien und Argentinien beanspruchte Inseln {Falkland}inseln
77%
Niederländischsprachige Region Belgiens Flandern
64%
Marokkanische Stadt oder ein zylindrischer roter Hut Fez
58%
Währung von Ungarn Forint
53%
Hauptstadt von Sierra Leone Freetown
53%
Eines der drei Länder des Königreichs Dänemark Färöer
44%
Die persische Sprache Farsi
33%
Alter Name von Taiwan Formosa
25%
Teilt sich ein einziges Stadtgebiet mit Dallas Fort Worth
25%
Größte Stadt auf der Insel Kyushu in Japan Fukuoka
21%
Stadt in Zentralalaska Fairbanks
19%
Kanadische Bucht mit den höchsten Gezeiten der Welt Fundy
9%
Keine übereinstimmenden Quizze gefunden
Verteilung der Resultate
Anzahl Personen mit jedem Resultat
Perzentil nach korrekt beantworteten Fragen
Ihre Resultats-Entwicklung
Sie haben dieses Quiz noch nicht gespielt